El medio físico y la planificación

Guardado en:
Detalles Bibliográficos
Autor principal: Gómez Orea, Domingo (Autor)
Formato: Libro
Lenguaje:español
Publicado: Madrid CIFCA 1978
Colección:Cuadernos del Centro Internacional de Formación en Ciencias Ambientales, 10
Materias:
Etiquetas: Agregar Etiqueta
Sin Etiquetas, Sea el primero en etiquetar este registro!

MARC

LEADER 00000nam a2200000 a 4500
001 UCK5027
003 CL-VaPUC
008 050708e19780000SP |||||||||||||||||spa|d
082 0 4 |a 711.4  |b GOM  |2 21 
100 |a Gómez Orea, Domingo  |e author  |9 579881 
245 1 3 |a El medio físico y la planificación 
300 |a v 
942 |c BK 
945 |d 20050708 00:00:00  |a cmena 
260 |a Madrid  |b CIFCA  |c 1978 
650 0 |a Planificación urbana   |9 258176 
650 0 |a Recursos naturales  |9 255232 
650 0 |a Protección del medio ambiente  |9 257626 
583 |a last modification  |c 20050708 00:00:00  |k Rodrigo Vera 
490 0 |a Cuadernos del Centro Internacional de Formación en Ciencias Ambientales, 10 
999 |c 313718  |d 313716 
952 |0 0  |1 0  |4 0  |6 711_400000000000000_GOM_1978  |7 0  |8 P  |9 385206  |a BIBDER  |b BIBDER  |d 2019-11-22  |h v.1  |i 4120469  |o 711.4 GOM 1978  |p 4120469  |r 2023-01-25  |w 2019-11-22  |y BK  |k DER